| 000 | 00428nam a22001697a 4500 | ||
|---|---|---|---|
| 003 | SGT | ||
| 020 | _a9781032783536 | ||
| 082 |
_a616.5 _bD25F |
||
| 100 | _aFEBBROCINI, GABRIELLA | ||
| 245 | _aDERMATOLOGIC REACTIONS TO CANCER THERAPIES | ||
| 250 | _a1ST | ||
| 260 |
_aBOCA RATON _bCRC PRESS PUB _c2025 |
||
| 300 | _a173 | ||
| 650 | _aDERMATOLOGY | ||
| 653 | _aDERMATOLOGIC REACTIONS TO CANCER THERAPIES | ||
| 942 |
_2ddc _cBK |
||
| 999 |
_c30656 _d30656 |
||